The Best Quiz on Jetpunk - Statistics

General Stats
  • This quiz has been taken 1,014 times
  • The average score is 13 of 15
Answer Stats
Hint Answer % Correct
Say Lasagna Lasagna
100%
Say Lasagna Lasagna
100%
Are you sure? Lasagna
100%
LASAGNA LASAGNA
100%
Lasagna. Lasagna.
100%
Lasagna Lasagna
100%
Lasagna Lasagna
100%
Lasagna Lasagna
100%
Do you like lasagna? Lasagnaa
92%
Say Lasagna one more time Lasagna one more time
92%
Say more lasagna More Lasagna
91%
Say lasagna again Lasagna again
90%
Say lasagna a bunch more Lasagna a bunch more
89%
Say that lasagna is the best That lasagna is the best
84%
Lasagna one more time Never gonna give you up never gonna let you down never gonna run around and desert you
1%
No matching quizzes found
Score Distribution
Percent of People with Each Score
Percentile by Number Answered
Your Score History
You have not taken this quiz